000 00550nam a2200181 a 4500
001 000034030
005 20200930070721.0
008 110921s2008 es 000 0 spa d
020 _a9788497643535
040 _aDO-SdBNP
_bspa
_cBNPHU
100 1 _aNietzsche, Friedrich Wilhelm,
_d1844-1900
_919283
245 1 3 _aEl caminante y su sombra /
_cFriedrich Nietzsche.
260 _aMadrid :
_bEdimat Libros,
_c2008.
300 _a190 p. ;
_c20 cm.
490 1 _aClásicos de la literatura
830 0 _aClásicos de la literatura
_959477
049 _aBNPD
999 _c33521
_d33521